Macro-economic Theory (Record no. 3370)

MARC details
000 -LEADER
fixed length control field 00378nam a22001577a 4500
005 - DATE AND TIME OF LATEST TRANSACTION
control field 20180412100040.0
008 - FIXED-LENGTH DATA ELEMENTS--GENERAL INFORMATION
fixed length control field 160621b xxu||||| |||| 00| 0 eng d
041 ## - LANGUAGE CODE
Language code of text/sound track or separate title eng
082 ## - DEWEY DECIMAL CLASSIFICATION NUMBER
Item number 8711
Classification number 339
100 ## - MAIN ENTRY--AUTHOR NAME
Personal name Sarkhel, Jaydeb
245 ## - TITLE STATEMENT
Title Macro-economic Theory
260 ## - PUBLICATION, DISTRIBUTION, ETC. (IMPRINT)
Name of publisher Book syndicate private ltd.
Year of publication 2007
300 ## - PHYSICAL DESCRIPTION
Number of Pages 457
650 ## - SUBJECT ADDED ENTRY--TOPICAL TERM
Topical Term Management
942 ## - ADDED ENTRY ELEMENTS (KOHA)
Koha item type Books
Holdings
Lost status Damaged status Collection code Home library Current library Shelving location Date acquired Source of acquisition Cost, normal purchase price Full call number Accession Number Koha item type
    MANAGEMENT JRU Library JRU Library SHELF-58-D 21/06/2016 PURCHASE 150.00 339 8711 Books
    MANAGEMENT JRU Library JRU Library SHELF-58-D 21/06/2016 PURCHASE 150.00 339 8712 Books
    MANAGEMENT JRU Library JRU Library SHELF-58-D 21/06/2016 PURCHASE 150.00 339 8713 Books